Countries Starting With B Trivia - Statistics

General Stats
  • This quiz has been taken 93 times
  • The average score is 16 of 34
Answer Stats
Question Answer % Correct
Bolivia
86%
Belgium
85%
Brazil
79%
Bangladesh
76%
Barbados
75%
Botswana
75%
Bahamas
73%
Bahrain
73%
Belize
71%
Bhutan
71%
Brunei
70%
Bulgaria
70%
Belarus
69%
Burundi
65%
Bosnia and Herzegovina
61%
Benin
60%
Burkina Faso
59%
Botswana has more of this large game animal than any other country Elephant
44%
La Paz has the highest what of any world capital? Elevation
44%
Small blue creatures created by Peyo Smurfs
40%
Body of water in which Bahrain is located Persian Gulf
39%
Symbol on Barbados' flag Trident
36%
Title of Brunei's leader Sultan
34%
Former name of Belarus White Russia
29%
Alphabet developed in the 9th century in Bulgaria Cyrillic
20%
Capital of Burundi until it moved to Gitega in 2019 Bujumbura
19%
Most popular sport in Bhutan Archery
15%
Iconic mountain towering over Rio de Janeiro Harbour Sugarloaf Mountain
13%
Colonial name of Benin, changed in 1975 Dahomey
10%
Top export of Burkina Faso Gold
10%
Ethnic Serbian entity established in the country in 1992 Republic of Srpska
10%
Bird you would find on the Bahamian coat of arms Flamingo
6%
Giant marine sinkhole off the coast of Belize Great Blue Hole
6%
The largest mangrove forest in the world, shared by Bangladesh and India Sundarbans
6%
No matching quizzes found
Score Distribution
Percent of People with Each Score
Percentile by Number Answered
Your Score History
You have not taken this quiz